Investície do zelene

Bibliographic Details
Format: Article
Language:Slovak
Subjects:

MARC

LEADER 00000nab a2200000 a 4500
001 vtls009004672
003 SK-MaSNL
005 20260303065644.0
008 070703 2007 xo w n 000 0 slo
038 |a SLLK 
040 |a SLLK  |b slo  |c sllk  |e AACR2 
041 0 |a slo 
044 |a xo  |c SK 
080 |a 712.252  |2 1997 
245 0 0 |a Investície do zelene  |c [autor] (mv) 
610 1 7 |a Stará Ľubovňa (Slovensko)  |b Mestský úrad  |b Oddelenie výstavby a životného prostredia  |2 snkbucl  |9 1027668 
648 7 |a 2007  |2 snkbucl  |9 313226 
650 0 7 |a verejná zeleň  |x výsadba  |2 snkbucl  |9 1066010 
651 7 |a Stará Ľubovňa (Slovensko)  |2 snkbucl  |9 19193 
773 0 |t Ľubovnianske noviny  |g Roč. XXXIII, č. 25 (2007), s. 2 
852 |a SLLK  |b KIS3GCP 
999 |c 1752070  |d 1754000